000 00990nas a2200253 454500
001 39541
005 20260407193510.0
008 260407s2006####ag###########|||spa#d
003 AR-UNSa-BCEJYS
040 _aAR-UNSa-BCEJYS
_bspa
_cAR-UNSa-BCEJYS
080 _a330
_xEconomía en general
245 1 0 _aDocumentos del CIECE
022 _a1851-0922
264 1 _aBuenos Aires :
_bUniversidad de Buenos Aires. Facultad de Ciencias Económicas
_c2006
310 _aFrecuencia: Irregular Cambia de Director a partir del Año 2008, Nº 4 por Gustavo Marqués
041 _aspa
942 _cSER
590 _aniveau_biblio:s niveau_hierar:1
100 1 _aUniversidad de Buenos Aires. Facultad de Ciencias Económicas. Centro de Investigación en Epistemología de las Ciencias Económicas (CIECE)
700 1 _aScarano, Eduardo R
650 _aCiencias sociales
650 _aECONOMIA
856 4 1 _uhttps://biblioeco.unsa.edu.ar/pmb/images/revistas/R20376.jpg
_yImagen de portada
_qimage/jpeg
999 _c8841
_d8841